Les films avec une 2cv Citroën - Statistiques

Statistiques générales
  • Ce quiz a été pris 49 fois
  • Le résultat moyen est 8 sur 30
Statistiques - réponses
Année Film % Correct
1981 La soupe {aux choux}
93%
1964 Le gendarme {de Saint-Tropez}
86%
1993 Les V {Visiteurs}
61%
1981 Rien que {pour vos yeux}
57%
1965 Le C {Corniaud}
50%
1982 Le gendarme {et les gendarmettes}
43%
2013 {Boule et} Bill
41%
1968 {Alexandre le} Bienheureux
39%
1995 {Gazon} maudit
39%
1974 Les V {Valseuses}
39%
1993 {Proposition} indécente
36%
1970 Le gendarme {en balade}
30%
1973 American {graffiti}
20%
1976 La meilleure {façon de marcher}
20%
1982 Les diplômés {du dernier rang}
18%
1997 Demain {ne meurt jamais}
14%
1970 Dernier {domicile connu}
14%
1963 Les T {Tontons flingueurs}
14%
2013 RED {2}
14%
1987 Le grand {chemin}
7%
2016 Bienvenue {à Marly-Gomont}
5%
1961 La bride {sur le cou}
5%
1965 La vieille {dame indigne}
5%
1955 Les D {Diaboliques}
2%
1961 Le Tracassin {ou les plaisirs de la ville}
2%
1983 L'A {Argent}
0%
1970 Le B {Boucher}
0%
1958 Les A {Amants}
0%
2015 Les B {Bétises}
0%
2012 Mes {héros}
0%
Aucun quiz correspondant
Distribution des résultats
% des personnes avec chaque résultat
Percentile par nombre de réponses
Votre historique - résultats
Vous n’avez pas pris ce quiz